000
00262nam a22001217a 4500
999
_c
533572
_d
533572
040
_c
dlc
082
_a
808.06665
100
_a
Bryan Greetham
_9
27520
245
_a
Palgrave Study Skills How to Write -
250
_a
2nd
300
_a
395p
942
_2
ddc
_c
BK